Kĩ thuật 4
Kĩ thuật 4 dạy học sinh kĩ thuật cắt, khâu, thêu; kĩ thuật trồng rau quả và lắp ghép mô hình kĩ thuật
保存先:
| 第一著者: | |
|---|---|
| フォーマット: | 図書 |
| 言語: | Undetermined |
| 出版事項: |
Hà Nội
Giáo dục
2010
|
| 主題: | |
| タグ: |
タグ追加
タグなし, このレコードへの初めてのタグを付けませんか!
|
| Thư viện lưu trữ: | Trung tâm Học liệu Trường Đại học Cần Thơ |
|---|
| LEADER | 00737nam a2200217Ia 4500 | ||
|---|---|---|---|
| 001 | CTU_157738 | ||
| 008 | 210402s9999 xx 000 0 und d | ||
| 020 | |c 4200 | ||
| 082 | |a 372.358 | ||
| 082 | |b Ch300/L.4 | ||
| 100 | |a Đoàn, Chi | ||
| 245 | 0 | |a Kĩ thuật 4 | |
| 245 | 0 | |c Đoàn Chi chủ biên | |
| 260 | |a Hà Nội | ||
| 260 | |b Giáo dục | ||
| 260 | |c 2010 | ||
| 520 | |a Kĩ thuật 4 dạy học sinh kĩ thuật cắt, khâu, thêu; kĩ thuật trồng rau quả và lắp ghép mô hình kĩ thuật | ||
| 650 | |a Teachnology | ||
| 650 | |x Study and teaching (Elementary) | ||
| 904 | |i Phan Thị Kim Lan (Bạch Trúc) | ||
| 980 | |a Trung tâm Học liệu Trường Đại học Cần Thơ | ||